<?xml version="1.0" encoding="UTF-8"?>
<marc:record xmlns:marc="http://www.loc.gov/MARC21/slim">
   <marc:leader>00000nam a2200000 a 4500</marc:leader>
   <marc:datafield ind1="1" ind2=" " tag="100">
      <marc:subfield code="a">Breitsprecher, Claudia</marc:subfield>
      <marc:subfield code="4">aut</marc:subfield>
      <marc:subfield code="e">Verfasser/-in</marc:subfield>
   </marc:datafield>
   <marc:datafield ind1=" " ind2=" " tag="653">
      <marc:subfield code="a">Schauspielerin</marc:subfield>
   </marc:datafield>
   <marc:datafield ind1=" " ind2=" " tag="653">
      <marc:subfield code="a">Vergangenheitsbewältigung</marc:subfield>
   </marc:datafield>
   <marc:datafield ind1=" " ind2=" " tag="653">
      <marc:subfield code="a">Freundin</marc:subfield>
   </marc:datafield>
   <marc:datafield ind1=" " ind2=" " tag="653">
      <marc:subfield code="a">Softcover</marc:subfield>
   </marc:datafield>
   <marc:datafield ind1=" " ind2=" " tag="653">
      <marc:subfield code="a">Karte</marc:subfield>
   </marc:datafield>
   <marc:datafield ind1=" " ind2=" " tag="653">
      <marc:subfield code="a">Erzählungen</marc:subfield>
   </marc:datafield>
   <marc:datafield ind1=" " ind2=" " tag="653">
      <marc:subfield code="a">Romantik</marc:subfield>
   </marc:datafield>
   <marc:datafield ind1=" " ind2=" " tag="653">
      <marc:subfield code="a">Fiktionale Darstellung</marc:subfield>
   </marc:datafield>
   <marc:datafield ind1=" " ind2=" " tag="653">
      <marc:subfield code="a">Belletristische Darstellung</marc:subfield>
   </marc:datafield>
   <marc:datafield ind1="0" ind2="0" tag="245">
      <marc:subfield code="a">Vor dem Morgen liegt die Nacht</marc:subfield>
   </marc:datafield>
   <marc:datafield ind1="0" ind2="0" tag="245">
      <marc:subfield code="b">Roman</marc:subfield>
   </marc:datafield>
   <marc:datafield ind1="0" ind2="0" tag="245">
      <marc:subfield code="c">Claudia Breitsprecher</marc:subfield>
   </marc:datafield>
   <marc:datafield ind1=" " ind2="1" tag="264">
      <marc:subfield code="a">Berlin</marc:subfield>
      <marc:subfield code="b">Krug und Schadenberg</marc:subfield>
      <marc:subfield code="c">2005</marc:subfield>
   </marc:datafield>
   <marc:datafield ind1=" " ind2=" " tag="250">
      <marc:subfield code="a">Orig.-Ausg., 1. Aufl.</marc:subfield>
   </marc:datafield>
   <marc:datafield ind1="1" ind2=" " tag="520">
      <marc:subfield code="a">Angaben aus der Verlagsmeldung

Vor dem Morgen liegt die Nacht / von Claudia Breitsprecher

Eigentlich hat Nina Althaus, 38jährige West-Berliner Sozialpädagogin, wenig Grund zur Klage: Sie ist finanziell unabhängig, kann über ihre Zeit frei verfügen. Zwar ist sie arbeitslos, doch verfügt sie über ein kleines finanzielles Polster und genügend Zeit, um ihrer Liebe zur Malerei nachzugehen. Jedoch - einsam und von Selbstzweifeln geplagt, gibt sie sich der Tristesse eines ereignisarmen Alltags hin. Bis sie eines Tages unverhofft Maria Conti wiedersieht, eine schmerzlich vermisste Vertraute aus Kindertagen. Die Begegnung mit der mondänen alten Frau rüttelt Nina auf, doch zugleich fürchtet sie die Konfrontation mit lange verdrängten Gefühlen.
Auch Marias Nichte, die aus Ost-Berlin stammende erfolgreiche Schauspielerin Michelle Odebrecht, trägt schwer an der Erinnerung. Zwar ist sie dem Wesen nach voller Neugier, Elan und Esprit, doch heftige Auseinandersetzungen in den Jahren des politischen Umbruchs und der Verlust ihrer ersten Liebe haben ihre Spuren hinterlassen.
Beide Frauen kommen sich behutsam und sehnsuchtsvoll näher. Doch der Weg zueinander erfordert die Aussöhnung mit der Vergangenheit ...
</marc:subfield>
   </marc:datafield>
   <marc:datafield ind1=" " ind2=" " tag="020">
      <marc:subfield code="a">9783930041503</marc:subfield>
      <marc:subfield code="9">9783930041503</marc:subfield>
   </marc:datafield>
   <marc:datafield ind1=" " ind2=" " tag="020">
      <marc:subfield code="a">3930041502</marc:subfield>
      <marc:subfield code="9">3930041502</marc:subfield>
   </marc:datafield>
   <marc:datafield ind1=" " ind2=" " tag="041">
      <marc:subfield code="a">ger</marc:subfield>
   </marc:datafield>
   <marc:datafield ind1=" " ind2=" " tag="300">
      <marc:subfield code="a">296 S.</marc:subfield>
   </marc:datafield>
</marc:record>
